000 03565cam a22005534i 4500
003 PE-LiUPU
005 20250731173037.0
008 051220s2007 miu rb 001 0 eng
020 _a0310218977
020 _a9780310218975
035 _a(Sirsi) i9780310218975
035 _a(OCoLC)62895805
_z(OCoLC)174288021
_z(OCoLC)191671846
_z(OCoLC)613633070
_z(OCoLC)989316350
040 _aDLC
_bspa
_cDLC
_dBAKER
_dBTCTA
_dYDXCP
_dPRP
_dOSU
_dCBUL
_dIG#
_dPUL
_dVLB
_dKAT
_dHNW
_dBDX
_dSGB
_dOCLCF
_dTUU
_dNZABT
_dOCLCQ
_dPE-LiUPU
_erda
049 _aPRUA
050 0 0 _aBS1192.5
_b.W35 2007
082 0 0 _a230.0411
_bW19
_222
100 1 _aWaltke, Bruce K.,
_eautor.
245 1 3 _aAn Old Testament theology :
_ban exegetical, canonical, and thematic approach /
_cBruce K. Waltke, Charles Yu.
250 _a1st ed.
264 1 _aGrand Rapids, Míchigan :
_bZondervan,
_c2007.
300 _a1040, páginas ;
_c24 centímetros
336 _atext
_2rdacontent
337 _aunmediated
_2rdamedia
338 _avolume
_2rdacarrier
504 _aBibliografía al pie de página.
504 _aÍndice : páginas 991-1040.
505 0 _aThe basis of Old Testament theology -- The task of Old Testament theology -- The method of biblical theology, part 1; hermeneutica sacra -- The method of biblical theology, part 2: narrative theology -- The method of biblical theology, part 3: poetics and intertextuality -- The Bible's center: an overview of an Old Testament theology -- The gift of the cosmos -- The gift of Adam -- The gift of the bride -- The gift of the garden; humanity on probation and the fall -- The gift of the Noahic covenant -- The gift of the Abrahamic covenant: the chosen seed -- The gifts of election and God's name -- The gift of God as deliverer and warrior -- The gift of the Old Covenant -- The gift of liturgy -- The gift of I AM: Deuteronomy -- The gift of land, part 1: Joshua -- The gift of land, part 2: the Old Testament -- The gift of land, part 3: the New Testament -- The gift of warlords: Judges -- The gift of true strength: 1 Samuel -- The gift of the Davidic covenant: 2 Samuel -- The gift of kingship -- The gift of God's history-shaping word, part 1: 1 Kings -- The gift of God's history-shaping word, part 2: 2 Kings -- The gift of providence: Chronicles and Esther -- The gifts of return, restoration, and reform: Ezra-Nehemiah -- The gift of prophecy, part 1: the prophets -- The gift of prophecy, part 2: the prophetic books -- The gift of love (Hesed): Ruth -- The gifts of hymns and the Messiah: the Psalms -- The gift of wisdom, part 1: Proverbs -- The gift of wisdom part 2: Job -- The gift of wisdom, part 3: Ecclesiastes.
526 _aSEG42
526 _aSEG41
526 _aSEG40
526 _aSEG39
526 _aP94
526 _aP87
526 _aP86
526 _aP85
526 _aP77
526 _aP76
526 _aP35
630 0 0 _aBible.
_pOld Testament
_xTheology.
630 0 0 _aBiblia.
_pAntiguo Testamento
_xTeología.
700 1 _aYu, Charles,
_eautor.
910 _adbm
_bebj
_cebj
_d20171212
942 _2ddc
_cBOOK
949 _a230.0411 W19
_wDEWEY
_c1
_i77545
_lCATALOGING
_mBUL
_p49.82
_r0
_sY
_tBOOK
_u2017-12-12
_xPOSGRADO
_PP85
_0DONACION
_o.STAFF. Colección Teología.
994 _aC0
_bPEPRU
596 _a1
999 _a230.0411 W19
_wDEWEY
_c26153
_i77545
_d26153
_e2019-11-14
_f2021-11-9
_g4
_lCCODEBUL1
_mBUL
_n2
_p49.82
_q4
_r0
_sY
_tBOOK
_u2017-12-12
_xTEOLOGIA
_PP85
_0COMPRA
_o.STAFF. Colección Teología.
980 _81
_gALBERTO SANCHEZ Responsable de Automatización